000 00900nam a2200265 a 4500
001 000023494
005 20260115123814.0
008 101209s1987 ag r 000 0 spa d
020 _a0311461085
040 _aDO-SdBNP
_bspa
_cBNPHU
041 1 7 _aspa
_heng
_2Código de idiomas MARC
082 _a152.42
_bG738s, 1987
100 1 _aGraham, Billy,
_948416
240 1 4 _aThe secret of happiness.
_lEspañol.
245 1 3 _aEl secreto de la felicidad /
_cBilly Graham.
250 _aEdición revisada y ampliada
260 _aBuenos Aires :
_bCasa Bautista de Publicaciones,
_c1987.
300 _a172 p. ;
_c22 cm.
504 _aIncluye referencias bibliográficas y notas al pie de las páginas.
534 _pTítulo original en inglés:
_tThe secret of happiness.
_c1955
650 0 _aFelicidad
_95856
650 0 _aValores (Filosofía)
_9604
650 0 _aVida cristiana
_9668
049 _aBNGR
999 _c22990
_d22990